| 000 | 00881 a2200289 4500 | ||
|---|---|---|---|
| 001 | 63952 | ||
| 003 | TR-AnTOB | ||
| 005 | 20240528083625.0 | ||
| 008 | 070303n tu 00000 tur | ||
| 020 | _a9755129111 | ||
| 040 |
_aTR-AnTOB _cTR-AnTOB |
||
| 041 | _atur | ||
| 050 | 0 |
_aHC240 _b.A2 |
|
| 090 | _aHC240 .A2 | ||
| 245 | 0 |
_aAB ülkelerinin temel ekonomik göstergeleri : _büye ve aday ülkeler / _cİstanbul Sanayi Odası. |
|
| 264 | 1 |
_aİstanbul : _bİstanbul Sanayi Odası, _c2005-2007. |
|
| 300 |
_av.: _bgrf.; _c19cm. |
||
| 490 | 0 | _aİstanbul Sanayi Odası Yayınları. | |
| 651 | 0 |
_aEuropean Union countries _xEconomic conditions _93221 |
|
| 651 | 7 |
_aAvrupa Birliği ülkeleri _xEkonomik durum _2etuturkob _936989 |
|
| 710 | 2 | 2 |
_aİstanbul Sanayi Odası _923094 |
| 710 | 2 | 2 |
_aİstanbul Sanayi Odası _923094 |
| 901 | _a0018362 | ||
| 902 | _aBS | ||
| 942 |
_cBK _2lcc |
||
| 999 |
_c63952 _d16916 |
||